000 00506nam a2200181Ia 4500
001 72671
008 160428s9999 xx 000 0 und d
020 _a978132111252
040 _cPK-LaUMT
082 _a 954.0350922
_bCHA-G
100 _aChatterji, Rakhahari
245 _aGandhi and the Ali brothers /
_bbiography of a friendship
_cChatterji, Rakhahari
260 _aLos Angles:
_bSage,
_c2013
300 _a229 p.
546 _aEN
650 _aIndia-Politics and government-1919-1947
942 _cBK
999 _c85652
_d85652